000 00330 a2200157 4500
001 189972
020 _a85-08-01955-6
040 _cMagnum
100 _aJunqueira, Sonia
240 1 0 _aO pato e o sapo
_lpor
245 1 0 _aO pato e o sapo
362 0 _a2006
440 1 _aÁtica
697 _aLITERATURA INFANTIL
942 _cBK
999 _c189972
_d189972